Tiempo del sobrehombre / (Record no. 178837)

MARC details
000 -LEADER
campo de control de longitud fija 00951nam a2200289 4500
001 - NÚMERO DE CONTROL
campo de control 178837
003 - IDENTIFICADOR DE NÚMERO DE CONTROL
campo de control ES-MaACL
005 - FECHA Y HORA DE LA ÚLTIMA TRANSACCIÓN
campo de control 20250806063140.0
008 - DATOS DE LONGITUD FIJA--INFORMACIÓN GENERAL
campo de control de longitud fija 110715s2010 sp |||| |dspa d
020 ## - NÚMERO INTERNACIONAL ESTÁNDAR DEL LIBRO
Número Internacional Estándar del Libro 978-84-96764-77-4
080 ## - NÚMERO DE LA CLASIFICACIÓN DECIMAL UNIVERSAL
Número de la Clasificación Decimal Universal 141.32
080 ## - NÚMERO DE LA CLASIFICACIÓN DECIMAL UNIVERSAL
Número de la Clasificación Decimal Universal 13
100 1# - ENTRADA PRINCIPAL--NOMBRE DE PERSONA
Nombre de persona Lizcano, Manuel,
Fechas asociadas al nombre 1921-2004
9 (RLIN) 72623
245 10 - MENCIÓN DEL TÍTULO
Título Tiempo del sobrehombre /
Mención de responsabilidad, etc. Manuel Lizcano ; [edición, Emmánuel Lizcano Fernández].
250 ## - MENCION DE EDICION
Mención de edición 1ª ed.
260 ## - PUBLICACIÓN, DISTRIBUCIÓN, ETC.
Lugar de publicación, distribución, etc. Madrid :
Nombre del editor, distribuidor, etc. Instituto de Estudios Panibéricos ;
Lugar de publicación, distribución, etc. Málaga :
Nombre del editor, distribuidor, etc. Sepha,
Fecha de publicación, distribución, etc. 2010.
300 ## - DESCRIPCIÓN FÍSICA
Extensión 348 p. ;
Dimensiones 24 cm.
490 1# - MENCIÓN DE SERIE
Mención de serie Akademia ;
Designación de volumen o secuencia 1
500 ## - NOTA GENERAL
Nota general Índice.
650 #7 - PUNTO DE ACCESO ADICIONAL DE MATERIA--TÉRMINO DE MATERIA
Término de materia o nombre geográfico como elemento de entrada Superhombre.
9 (RLIN) 147358
650 #7 - PUNTO DE ACCESO ADICIONAL DE MATERIA--TÉRMINO DE MATERIA
Término de materia o nombre geográfico como elemento de entrada Antropología filosófica
Fuente del encabezamiento o término embne
9 (RLIN) 9891
700 1# - ENTRADA AGREGADA--NOMBRE PERSONAL
Nombre de persona Lizcano, Emmánuel,
Fechas asociadas al nombre 1950-
9 (RLIN) 72621
830 0# - PUNTO DE ACCESO ADICIONAL DE SERIE-TÍTULO UNIFORME
Título uniforme Akademia ;
Designación de volumen o secuencia 1
9 (RLIN) 224348
852 ## - LOCALIZACIÓN
Ubicación ES-MaACL
itemnumber 185702
Sublocalización o colección R.146070
Número de control de estantería A-11349
Ubicación en estantería Depósito 1
Signatura antigua Olim: N-4353
Encuadernación Donación: Editorial
942 ## - ELEMENTOS DE ENTRADA SECUNDARIOS (KOHA)
Fuente del sistema de clasificación o colocación Clasificación decimal universal
Holdings
Estatus retirado Estado de pérdida Fuente del sistema de clasificación o colocación Estado de daño No para préstamo Biblioteca de origen Biblioteca actual Ubicación en estantería Fecha de adquisición Fuente de adquisición Total de préstamos Signatura topográfica completa Código de barras Visto por última vez Precio de reemplazo Tipo de ítem Koha
    Clasificación decimal universal     Biblioteca del Ateneo de Madrid Biblioteca del Ateneo de Madrid Depósito 1 15/07/2011 Donación   A-11349 1187857 23/02/2023 23/02/2023 Libro impreso